000
00387nam a2200133Ia 4500
008
151001s9999||||xx |||||||||||||| ||und||
100
_a
वि आ बुवा
245
_a
खटयाळ काळजात घुसली
250
_a
1
260
_b
गुलमोहर प्रकाशन सातारा
260
_c
1984
300
_a
202
365
_b
18
999
_c
964323
_d
964320